[Event "CZE-chTB U20 1314"]
[Site "Czech Republic"]
[Date "2014.04.26"]
[Round "9.6"]
[White "Kubosova, Hana"]
[Black "Zateckova, Karolina"]
[Result "1-0"]
[WhiteElo "1676"]
[BlackElo "1448"]
[PlyCount "77"]
[EventDate "2013.10.12"]
[EventType "team-tourn"]
[EventRounds "11"]
[EventCountry "CZE"]
[SourceTitle "EXT 2015"]
[Source "ChessBase"]
[SourceDate "2014.11.20"]
[SourceVersion "1"]
[SourceVersionDate "2014.11.20"]
[SourceQuality "1"]
[WhiteTeam "Orlova Slavia (U20) II"]
[BlackTeam "Udlice (U20)"]
[WhiteTeamCountry "CZE"]
[BlackTeamCountry "CZE"]

1. c4 Nc6 2. Nc3 e5 3. g3 Nf6 4. Bg2 d6 5. Nf3 Bf5 6. 0-0 Be7 7. d3 0-0 8. Bd2 Nd7 9. a3 Bf6 10. Ne1 Rb8 11. Rb1 Nc5 12. b4 Ne6 13. Ne4 Ng5 14. Nxg5 Bxg5 15. Bxg5 Qxg5 16. Nc2 Rfe8 17. Ne3 Be6 18. Nd5 Bxd5 19. Bxd5 Ne7 20. Bg2 Nf5 21. e3 c6 22. Qd2 Qf6 23. Be4 h6 24. f4 Ne7 25. Bg2 Ng6 26. f5 Ne7 27. e4 Rbd8 28. Qe2 d5 29. Rbd1 d4 30. Qh5 Kf8 31. h4 Ng8 32. g4 Ke7 33. g5 hxg5 34. hxg5 Qd6 35. c5 Qb8 36. f6+ gxf6 37. gxf6+ Kd7 38. Qxf7+ Kc8 39. Bh3+ 1-0

[Event "CZE-chTB U20 1314"]
[Site "Czech Republic"]
[Date "2014.04.26"]
[Round "10.6"]
[White "Vitak, Jiri"]
[Black "Kubosova, Hana"]
[Result "1-0"]
[WhiteElo "1579"]
[BlackElo "1676"]
[PlyCount "51"]
[EventDate "2013.10.12"]
[EventType "team-tourn"]
[EventRounds "11"]
[EventCountry "CZE"]
[SourceTitle "EXT 2015"]
[Source "ChessBase"]
[SourceDate "2014.11.20"]
[SourceVersion "1"]
[SourceVersionDate "2014.11.20"]
[SourceQuality "1"]
[WhiteTeam "Liberec Desko (U20)"]
[BlackTeam "Orlova Slavia (U20) II"]
[WhiteTeamCountry "CZE"]
[BlackTeamCountry "CZE"]

1. e4 c5 2. Nf3 Nc6 3. d4 cxd4 4. Nxd4 g6 5. Nc3 Bg7 6. Be3 Nf6 7. Bc4 0-0 8. 0-0 d6 9. h3 Bd7 10. Qd2 a6 11. Be2 Rc8 12. f4 Na5 13. Rad1 Nc4 14. Bxc4 Rxc4 15. e5 Ne8 16. Nf3 Qa5 17. Nd5 Qd8 18. Bb6 Qb8 19. b3 Rc7 20. Nxe7+ Kh8 21. Bxc7 Nxc7 22. exd6 Nb5 23. Ne5 Bxe5 24. fxe5 Qa7+ 25. Kh1 Kg7 26. c4 1-0

[Event "CZE-ch U16 Girls"]
[Site "Kouty nad Desnou"]
[Date "2014.03.15"]
[Round "9"]
[White "Kubosova, Hana"]
[Black "Nova, Michaela"]
[Result "1-0"]
[WhiteElo "1509"]
[BlackElo "1640"]
[PlyCount "134"]
[EventDate "2014.03.08"]
[EventType "swiss"]
[EventRounds "9"]
[EventCountry "CZE"]
[SourceTitle "EXT 2015"]
[Source "ChessBase"]
[SourceDate "2014.11.20"]
[SourceVersion "1"]
[SourceVersionDate "2014.11.20"]
[SourceQuality "1"]

1. c4 e5 2. Nc3 Nf6 3. g3 Bb4 4. Bg2 Bxc3 5. bxc3 d6 6. Nf3 Nbd7 7. d3 0-0 8. 0-0 Rb8 9. e4 b6 10. Nh4 Nc5 11. Qe2 Re8 12. Be3 Bd7 13. h3 Qe7 14. Rae1 b5 15. cxb5 Rxb5 16. Nf5 Qf8 17. Rb1 Reb8 18. Qc2 Kh8 19. Rxb5 Rxb5 20. Rb1 Qb8 21. Rxb5 Qxb5 22. Bxc5 Qxc5 23. Qb3 Be8 24. Qb4 Qb6 25. Ne3 Kg8 26. Nc4 Qxb4 27. cxb4 Bb5 28. f3 Nd7 29. Kf2 Kf8 30. Ke3 Nb8 31. Na3 Bd7 32. Nc2 Ba4 33. Ne1 Nc6 34. a3 Nd4 35. f4 Nb5 36. Bf1 Nxa3 37. d4 exf4+ 38. gxf4 Nc2+ 39. Nxc2 Bxc2 40. Bc4 Ba4 41. e5 Bd7 42. h4 Bf5 43. d5 Ke7 44. Bd3 Bg4 45. Kd4 h6 46. Kc4 Bd7 47. Be4 a6 48. Kd4 dxe5+ 49. fxe5 g5 50. hxg5 hxg5 51. Bd3 Bc8 52. Ke4 Kf8 53. Bc4 Kg7 54. Be2 f5+ 55. Kf3 Kf7 56. Bc4 Kg6 57. Bd3 Bb7 58. Bc4 Ba8 59. Kg3 Bb7 60. Kf3 Kg7 61. Kg3 Kg6 62. Kf3 Bc8 63. Kg3 f4+ 64. Kf2 Kf5 65. e6 Kf6 66. Kf3 Bb7 67. Kg4 Bc8 1-0

[Event "CZE-chTE U20 1314"]
[Site "Czech Republic"]
[Date "2014.01.25"]
[Round "6.6"]
[White "Kuchar, Matej"]
[Black "Kubosova, Hana"]
[Result "1-0"]
[WhiteElo "1639"]
[BlackElo "1676"]
[PlyCount "33"]
[EventDate "2013.10.12"]
[EventType "team-tourn"]
[EventRounds "11"]
[EventCountry "CZE"]
[SourceTitle "EXT 2015"]
[Source "ChessBase"]
[SourceDate "2014.11.20"]
[SourceVersion "1"]
[SourceVersionDate "2014.11.20"]
[SourceQuality "1"]
[WhiteTeam "Frydek Mistek (U20)"]
[BlackTeam "Orlova Slavia (U20) II"]
[WhiteTeamCountry "CZE"]
[BlackTeamCountry "CZE"]

1. e4 c5 2. Nf3 Nc6 3. d4 cxd4 4. Nxd4 Nf6 5. Nc3 g6 6. Be3 Bg7 7. Bc4 Qa5 8. 0-0 0-0 9. Bb3 d6 10. h3 Bd7 11. f4 a6 12. f5 Nxd4 13. Bxd4 gxf5 14. exf5 Bxf5 15. Nd5 Nxd5 16. Rxf5 Nc3 17. Qg4 1-0

[Event "Orlova op 10th"]
[Site "Orlova"]
[Date "2013.05.15"]
[Round "3"]
[White "Sebesta, Jan"]
[Black "Kubosova, Hana"]
[Result "0-1"]
[WhiteElo "1879"]
[BlackElo "1474"]
[PlyCount "70"]
[EventDate "2013.05.13"]
[EventType "swiss"]
[EventRounds "9"]
[EventCountry "CZE"]
[SourceTitle "CBM 154 Extra"]
[Source "ChessBase"]
[SourceDate "2013.06.25"]
[SourceVersion "2"]
[SourceVersionDate "2013.06.25"]
[SourceQuality "1"]

1. e4 c5 2. c3 d5 3. exd5 Qxd5 4. d4 cxd4 5. Qxd4 Qxd4 6. cxd4 Nc6 7. Nf3 a6 8. Bf4 Nf6 9. Bc4 e6 10. 0-0 g6 11. Nc3 Bg7 12. Rfd1 b5 13. Be2 Bb7 14. Rab1 Rc8 15. Bd6 Kd7 16. Bc5 Ke8 17. d5 exd5 18. Nxd5 Nxd5 19. Rxd5 Ne7 20. Rg5 h6 21. Bxe7 hxg5 22. Bxg5 f6 23. Be3 Kf7 24. Rd1 Rhd8 25. Re1 Rc2 26. b4 Rxa2 27. Bc5 Re8 28. Nd4 f5 29. Kf1 Bxd4 30. Bxd4 Bxg2+ 31. Kxg2 Raxe2 32. Rxe2 Rxe2 33. Kf3 Re4 34. Bc5 Ke6 35. Kg3 Kd5 0-1

[Event "Orlova op 10th"]
[Site "Orlova"]
[Date "2013.05.13"]
[Round "1"]
[White "Mitura, Vaclav"]
[Black "Kubosova, Hana"]
[Result "1-0"]
[WhiteElo "2128"]
[BlackElo "1474"]
[PlyCount "87"]
[EventDate "2013.05.13"]
[EventType "swiss"]
[EventRounds "9"]
[EventCountry "CZE"]
[SourceTitle "CBM 154 Extra"]
[Source "ChessBase"]
[SourceDate "2013.06.25"]
[SourceVersion "2"]
[SourceVersionDate "2013.06.25"]
[SourceQuality "1"]

1. d4 d6 2. c4 e5 3. Nf3 Nd7 4. Nc3 Be7 5. e4 Ngf6 6. Be2 0-0 7. 0-0 c6 8. Re1 Qc7 9. Rb1 a5 10. Bf1 Rd8 11. h3 Nf8 12. Be3 Ng6 13. Qc2 d5 14. dxe5 Nxe5 15. Nxe5 Qxe5 16. Bb6 Bd6 17. g3 Bc7 18. exd5 Qd6 19. c5 Qd7 20. dxc6 bxc6 21. Rbd1 Nd5 22. Nxd5 cxd5 23. c6 Qd6 24. Bxc7 Qxc7 25. Rxd5 Be6 26. Rxd8+ Rxd8 27. Bg2 g6 28. b3 Kf8 29. Qc5+ Rd6 30. Rd1 Ke7 31. Rxd6 Qxd6 32. Qxa5 Qd1+ 33. Kh2 Qd8 34. Qc5+ Qd6 35. Qa7+ Kd8 36. Qa8+ Ke7 37. Qb7+ Kd8 38. b4 Qc7 39. Qa6 Qc8 40. Qd3+ Kc7 41. a4 Qd8 42. Qc3 Bd5 43. Qe5+ Kxc6 44. Qxd5+ 1-0

[Event "EU-ch U14 Girls"]
[Site "Prague"]
[Date "2012.08.19"]
[Round "3"]
[White "Suchomelova, Simona"]
[Black "Kubosova, Hana"]
[Result "1-0"]
[WhiteElo "1742"]
[BlackElo "1517"]
[PlyCount "59"]
[EventDate "2012.08.17"]
[EventType "swiss"]
[EventRounds "9"]
[EventCountry "CZE"]
[SourceTitle "CBM 150 Extra"]
[Source "ChessBase"]
[SourceDate "2012.10.19"]
[SourceVersion "1"]
[SourceVersionDate "2012.10.19"]
[SourceQuality "1"]

1. e4 d6 2. Nf3 Nd7 3. d4 e5 4. Bc4 c6 5. 0-0 Ngf6 6. Ng5 d5 7. exd5 cxd5 8. dxe5 dxc4 9. exf6 Qxf6 10. Re1+ Be7 11. Ne4 Qg6 12. Nd6+ Kd8 13. Bf4 Bxd6 14. Bxd6 Re8 15. Bc7+ Kxc7 16. Rxe8 Nf6 17. Re7+ Bd7 18. Nc3 Re8 19. Rxe8 Bxe8 20. Qe2 Bc6 21. f3 Nh5 22. Rd1 Kb6 23. Nd5+ Bxd5 24. Rxd5 Qh6 25. Qxc4 Qe3+ 26. Kf1 a6 27. Rxh5 Qc1+ 28. Ke2 Qg1 29. Qb4+ Ka7 30. Qc5+ 1-0

[Event "Karvina op"]
[Site "Karvina"]
[Date "2012.07.06"]
[Round "7"]
[White "Kubosova, Hana"]
[Black "Sikora, Matous"]
[Result "1/2-1/2"]
[WhiteElo "1481"]
[BlackElo "1250"]
[PlyCount "36"]
[EventDate "2012.06.30"]
[EventType "swiss"]
[EventRounds "9"]
[EventCountry "CZE"]
[SourceTitle "EXT 2014"]
[Source "ChessBase"]
[SourceDate "2013.11.20"]
[SourceVersion "1"]
[SourceVersionDate "2013.11.20"]
[SourceQuality "1"]

1. c4 e5 2. Nc3 d6 3. g3 Nf6 4. Bg2 c6 5. d3 Be6 6. Nf3 Be7 7. 0-0 0-0 8. Bd2 Nbd7 9. a3 Qc7 10. b4 Rac8 11. Qc2 d5 12. c5 d4 13. Na4 Nd5 14. Nb2 f6 15. Rfe1 f5 16. Nc4 f4 17. Kf1 fxg3 18. hxg3 Bg4 1/2-1/2

[Event "Karvina op"]
[Site "Karvina"]
[Date "2012.07.05"]
[Round "6"]
[White "Polak, Radim"]
[Black "Kubosova, Hana"]
[Result "1/2-1/2"]
[WhiteElo "1946"]
[BlackElo "1481"]
[PlyCount "32"]
[EventDate "2012.06.30"]
[EventType "swiss"]
[EventRounds "9"]
[EventCountry "CZE"]
[SourceTitle "EXT 2014"]
[Source "ChessBase"]
[SourceDate "2013.11.20"]
[SourceVersion "1"]
[SourceVersionDate "2013.11.20"]
[SourceQuality "1"]

1. d4 d6 2. Nf3 Nc6 3. c4 e5 4. d5 Nce7 5. e4 Nf6 6. Bd3 Ng6 7. Nc3 Be7 8. h3 0-0 9. Be3 Bd7 10. Qe2 c5 11. dxc6 bxc6 12. 0-0 Be6 13. Rfd1 Qc7 14. Rac1 Rfd8 15. Bb1 Qb7 16. Bg5 Rd7 1/2-1/2

[Event "CZE-ch U14 Girls"]
[Site "Kouty nad Desnou"]
[Date "2012.03.16"]
[Round "8"]
[White "Kubosova, Hana"]
[Black "Janska, Jitka"]
[Result "0-1"]
[WhiteElo "1475"]
[BlackElo "1743"]
[PlyCount "54"]
[EventDate "2012.03.10"]
[EventType "swiss"]
[EventRounds "9"]
[EventCountry "CZE"]
[SourceTitle "EXT 2013"]
[Source "ChessBase"]
[SourceDate "2012.11.22"]
[SourceVersion "1"]
[SourceVersionDate "2012.11.22"]
[SourceQuality "1"]

1. c4 e5 2. Nc3 Nf6 3. g3 d5 4. cxd5 Nxd5 5. Bg2 Ne7 6. Nf3 Nbc6 7. 0-0 g6 8. d3 Bg7 9. Bd2 h6 10. a3 0-0 11. b4 Be6 12. Rc1 Nf5 13. Ne4 Nd6 14. Nxd6 cxd6 15. Bc3 a6 16. d4 e4 17. Ne1 d5 18. Nc2 Rc8 19. Na1 Qd7 20. Re1 Bh3 21. Bh1 Nxd4 22. Bxd4 Rxc1 23. Qxc1 Bxd4 24. Qxh6 Qf5 25. e3 Bc3 26. Rb1 d4 27. exd4 e3 0-1

[Event "CZE-ch U14 Girls"]
[Site "Kouty nad Desnou"]
[Date "2012.03.12"]
[Round "3"]
[White "Suchomelova, Simona"]
[Black "Kubosova, Hana"]
[Result "1-0"]
[WhiteElo "1674"]
[BlackElo "1475"]
[PlyCount "79"]
[EventDate "2012.03.10"]
[EventType "swiss"]
[EventRounds "9"]
[EventCountry "CZE"]
[SourceTitle "EXT 2013"]
[Source "ChessBase"]
[SourceDate "2012.11.22"]
[SourceVersion "1"]
[SourceVersionDate "2012.11.22"]
[SourceQuality "1"]

1. d4 d6 2. e4 e5 3. dxe5 dxe5 4. Qxd8+ Kxd8 5. Bc4 f6 6. Be3 Nd7 7. Ne2 c6 8. Nd2 Kc7 9. 0-0-0 Ne7 10. Rhe1 g6 11. Bb3 f5 12. f3 f4 13. Bf2 g5 14. Nc4 Ng6 15. c3 Nf6 16. Rd3 Be6 17. Red1 Ne8 18. Nd2 Bxb3 19. Nxb3 b6 20. Rd7+ Kc8 21. Rd8+ Kb7 22. R1d7+ Nc7 23. Rxc7+ Kxc7 24. Rxa8 Kb7 25. Re8 Bg7 26. Rxh8 Nxh8 27. Kd2 Nf7 28. Kd3 Bf8 29. Nd2 Nd6 30. Nc4 Nxc4 31. Kxc4 b5+ 32. Kd3 a6 33. c4 b4 34. c5 a5 35. Kc4 Be7 36. Be1 Ka6 37. Bd2 Bd8 38. Nc1 h5 39. h3 a4 40. Bxb4 1-0

[Event "CZE-chTE U20 1011"]
[Site "Czech Republic"]
[Date "2011.01.15"]
[Round "6.6"]
[White "Chowaniok, Pavel"]
[Black "Kubosova, Hana"]
[Result "1/2-1/2"]
[WhiteElo "1572"]
[BlackElo "1469"]
[PlyCount "51"]
[EventDate "2010.10.02"]
[EventType "team-tourn"]
[EventRounds "11"]
[EventCountry "CZE"]
[SourceTitle "EXT 2012"]
[Source "ChessBase"]
[SourceDate "2011.11.24"]
[SourceVersion "1"]
[SourceVersionDate "2011.11.24"]
[SourceQuality "1"]
[WhiteTeam "Trinec (U20)"]
[BlackTeam "Orlova (U20)"]
[WhiteTeamCountry "CZE"]
[BlackTeamCountry "CZE"]

1. e4 c5 2. Nc3 Nc6 3. g3 g6 4. Bg2 Bg7 5. f4 e6 6. d3 Nge7 7. Nf3 0-0 8. 0-0 d6 9. Ne2 b6 10. c3 Bb7 11. Be3 Qc7 12. Qd2 Rad8 13. h3 Rd7 14. g4 f5 15. exf5 exf5 16. g5 Nd8 17. Rad1 Nf7 18. b3 Re8 19. c4 Nc6 20. d4 Rde7 21. Nc3 Nxd4 22. Bxd4 Bxf3 23. Bxf3 Bxd4+ 24. Kg2 Bxc3 25. Qxc3 Rd8 26. Bd5 1/2-1/2

[Event "CZE-chTE U20 1011"]
[Site "Czech Republic"]
[Date "2010.11.27"]
[Round "5.5"]
[White "Tyn, Marek"]
[Black "Kubosova, Hana"]
[Result "1/2-1/2"]
[WhiteElo "1821"]
[BlackElo "1469"]
[PlyCount "135"]
[EventDate "2010.10.02"]
[EventType "team-tourn"]
[EventRounds "11"]
[EventCountry "CZE"]
[SourceTitle "EXT 2012"]
[Source "ChessBase"]
[SourceDate "2011.11.24"]
[SourceVersion "1"]
[SourceVersionDate "2011.11.24"]
[SourceQuality "1"]
[WhiteTeam "Havirov (U20)"]
[BlackTeam "Orlova (U20)"]
[WhiteTeamCountry "CZE"]
[BlackTeamCountry "CZE"]

1. e4 c5 2. Nf3 Nc6 3. d4 cxd4 4. Nxd4 g6 5. Be3 Bg7 6. Bc4 Nf6 7. Nc3 0-0 8. f3 Qb6 9. Qd3 Ne5 10. Qe2 Qxb2 11. Kd2 Qb4 12. Bb3 Nc6 13. Qb5 Qxb5 14. Ndxb5 a6 15. Nc7 Rb8 16. N7d5 b5 17. Rab1 Bb7 18. Nxf6+ Bxf6 19. Nd5 Bg7 20. c4 bxc4 21. Bxc4 e6 22. Nc7 a5 23. Rb6 Ne5 24. Be2 Rfc8 25. Nb5 Ba8 26. Nd6 Rxb6 27. Nxc8 Rb2+ 28. Kd1 Rxa2 29. Nd6 Ra1+ 30. Bc1 Bh6 31. Kc2 Bxc1 32. Rxc1 Rxc1+ 33. Kxc1 Kf8 34. f4 Nc6 35. g3 Ke7 36. e5 f6 37. Nc8+ Kf7 38. Nd6+ Ke7 39. Nc8+ Kf7 40. Nd6+ Kg7 41. Ne8+ Kh8 42. Nxf6 Nd4 43. Bd1 Bc6 44. Kb2 Nf5 45. Ka3 Ne3 46. Be2 Nc2+ 47. Kb2 Nd4 48. Bd1 Nf5 49. Ka3 Ne3 50. Be2 Nf5 51. Bd1 Ne7 52. Ba4 Bxa4 53. Kxa4 Nf5 54. Nxd7 Kg7 55. Kxa5 Ne3 56. Nf6 Nf1 57. Ne4 Nxh2 58. Ng5 Nf1 59. Nxe6+ Kg8 60. g4 Ne3 61. g5 Nd5 62. Kb5 Kf7 63. Nd8+ Ke8 64. Ne6 Ke7 65. Nd4 Nxf4 66. Kc5 Nd3+ 67. Kd5 Nf4+ 68. Ke4 1/2-1/2

[Event "CZE-chTE U20 1011"]
[Site "Czech Republic"]
[Date "2010.10.03"]
[Round "3.6"]
[White "Kubosova, Hana"]
[Black "Kosut, Tomas"]
[Result "1-0"]
[WhiteElo "1469"]
[BlackElo "1627"]
[PlyCount "89"]
[EventDate "2010.10.02"]
[EventType "team-tourn"]
[EventRounds "11"]
[EventCountry "CZE"]
[SourceTitle "EXT 2012"]
[Source "ChessBase"]
[SourceDate "2011.11.24"]
[SourceVersion "1"]
[SourceVersionDate "2011.11.24"]
[SourceQuality "1"]
[WhiteTeam "Orlova (U20)"]
[BlackTeam "Namest nad Oslavou (U20)"]
[WhiteTeamCountry "CZE"]
[BlackTeamCountry "CZE"]

1. d4 d5 2. Bg5 h6 3. Bf4 Nc6 4. e3 Nf6 5. c4 e6 6. Nf3 Bd6 7. Bxd6 cxd6 8. Nc3 Ne4 9. cxd5 Nxc3 10. bxc3 exd5 11. c4 Qa5+ 12. Qd2 Qxd2+ 13. Nxd2 Be6 14. cxd5 Bxd5 15. Bc4 Bxc4 16. Nxc4 Rd8 17. Rb1 Rd7 18. Kd2 d5 19. Nb2 Ke7 20. Nd3 b6 21. Rhc1 Rc8 22. Rc2 Rdc7 23. Rbc1 Kd6 24. a3 Na5 25. Rxc7 Rxc7 26. Rxc7 Kxc7 27. Kc3 Nc4 28. a4 Nd6 29. f3 f6 30. Nb4 Nf5 31. Nxd5+ Kd6 32. e4 Nh4 33. Ne3 Ng6 34. Nf5+ Kc6 35. g3 a6 36. Kc4 Nf8 37. Nxg7 Nd7 38. Nf5 b5+ 39. axb5+ axb5+ 40. Kb4 Nb8 41. Nxh6 Na6+ 42. Kb3 b4 43. Nf5 Kb5 44. h4 Nb8 45. Ne7 1-0